Revista Universitaria : (Record no. 21746)

000 -CABECERA
fixed length control field 01910nam a22003497a 4500
003 - IDENTIFICADOR DEL NÚMERO DE CONTROL
control field AR-CdUCM
008 - DATOS DE LONGITUD FIJA--INFORMACIÓN GENERAL
fixed length control field 190425b ||||| |||| 00| 0 spa d
040 ## - FUENTE DE LA CATALOGACIÓN
Agencia/entidad que catalogó originalmente la obra MUNICIPALIDAD PROVINCIAL DEL CUSCO
Entidad que transcribió la catalogación BIBLIOTECA MUNICIPAL DEL CUSCO
082 ## - NÚMERO DE LA CLASIFICACIÓN DECIMAL DEWEY
No. de Clasificación Rev.Univ/N°92/1947
Notacion interna Rev.Univ/N°92/1947
110 ## - ENTRADA PRINCIPAL--NOMBRE DE ENTIDAD CORPORATIVA
Nombre de la institución, jurisdicción como entrada principal Universidad Nacional de San Antonio Abad del Cusco
9 (RLIN) 15942
245 ## - MENCIÓN DE TÍTULO
Título Revista Universitaria :
Resto del título Órgano de la Universidad del Cuzco /
260 ## - PUBLICACIÓN, DISTRIBUCIÓN, ETC.
Lugar de publicación, distribución, etc. Cusco :
Nombre de la editorial, distribuidor, etc. H.G. Rozas,
Fecha de publicación, distribución, etc. 1947.
300 ## - DESCRIPCIÓN FÍSICA
Nº de Páginas Extensión 248 páginas. :
Otros detalles físicos ilustraciones ;
Dimensiones 20 cm.
440 ## - MENCIÓN DE SERIE/PUNTO DE ACCESO ADICIONAL--TÍTULO
Título Revista Universitaria
Número de la parte/sección de una obra Año XXXVI, 1° semestre 1947, N°92.
9 (RLIN) 45946
505 ## - NOTA DE CONTENIDO CON FORMATO
Nota de contenido formateada Contenido: Las insurgencias del Cuzco a través de la historia, discurso de orden leído en la apertura del año académico de 1947 por Luis Velasco Aragón. -- Nacimiento y camino del mestizo ruta del Perú. Alfredo Yépez Miranda. -- Vocabulario Quichua por el padre Diego de Torres Rubio en 1619 (continuación), reedición dirigida por Luis A. Pardo. -- La huérfana y el camisón de satanás, tradición de la parroquia de Santiago. Ángel Carreño. -- ¿Colon no existió? comentario a una importante hipótesis. Julián Santisteban Ochoa. -- Hacia la ciudad de Cajamarca la grande. Horacio Villanueva Urteaga. -- Crónica.
650 ## - PUNTO DE ACCESO ADICIONAL DE MATERIA--TÉRMINO DE MATERIA
Descriptor Levantamientos andinos
9 (RLIN) 44095
650 ## - PUNTO DE ACCESO ADICIONAL DE MATERIA--TÉRMINO DE MATERIA
Descriptor Quechua
9 (RLIN) 2063
650 ## - PUNTO DE ACCESO ADICIONAL DE MATERIA--TÉRMINO DE MATERIA
Descriptor Diego de Torres Rubio
9 (RLIN) 45934
650 ## - PUNTO DE ACCESO ADICIONAL DE MATERIA--TÉRMINO DE MATERIA
Descriptor Tradición cusqueña
9 (RLIN) 32484
650 ## - PUNTO DE ACCESO ADICIONAL DE MATERIA--TÉRMINO DE MATERIA
Descriptor Cristóbal Colon
9 (RLIN) 14110
650 ## - PUNTO DE ACCESO ADICIONAL DE MATERIA--TÉRMINO DE MATERIA
Descriptor Cajamarca
9 (RLIN) 7054
650 ## - PUNTO DE ACCESO ADICIONAL DE MATERIA--TÉRMINO DE MATERIA
Descriptor Siglo XX
9 (RLIN) 45945
700 ## - PUNTO DE ACCESO ADICIONAL--NOMBRE DE PERSONA
Nombre Personal Santiesteban Ochoa, Julián
9 (RLIN) 29993
700 ## - PUNTO DE ACCESO ADICIONAL--NOMBRE DE PERSONA
Nombre Personal Velasco Aragón, Luis
9 (RLIN) 45947
700 ## - PUNTO DE ACCESO ADICIONAL--NOMBRE DE PERSONA
Nombre Personal Villanueva Urteaga, Horacio
9 (RLIN) 5790
700 ## - PUNTO DE ACCESO ADICIONAL--NOMBRE DE PERSONA
Nombre Personal Pardo, Luis A
9 (RLIN) 25736
700 ## - PUNTO DE ACCESO ADICIONAL--NOMBRE DE PERSONA
Nombre Personal Yépez Miranda, Alfredo
9 (RLIN) 4230
700 ## - PUNTO DE ACCESO ADICIONAL--NOMBRE DE PERSONA
Nombre Personal Carreño, Ángel
9 (RLIN) 27901
710 ## - PUNTO DE ACCESO ADICIONAL--NOMBRE DE ENTIDAD CORPORATIVA
Nombre corporativo (En letras Mayúsculas) Universidad Nacional de San Antonio Abad del Cusco
9 (RLIN) 15942
942 ## - ELEMENTOS DE PUNTO DE ACCESO ADICIONAL (KOHA)
Fuente de clasificación
Tipo de item Revistas cusqueñas
945 ## - PROCESAMIENTO DE INFORMACIÓN LOCAL (OCLC)
Catalogador rac
Holdings
Estado de retiro (separado) Fuente de clasificación o esquema de estanterías Estado dañado Ubicación Sala donde se ubica Nombre de la colección Fecha de adquisición o compra Costo, precio normal en soles Signatura topográfica Código de Barras Última vez visto (Koha) Tipo de ítem (Koha)
No     Sala Hemeroteca Sala Hemeroteca Book Cart 2021-05-03 10.00 Rev.Univ/N°92/1947 REVC000115 2021-05-03 Revistas cusqueñas
No     Sala Hemeroteca Sala Hemeroteca Book Cart 2021-05-03 10.00 Rev.Univ/N°92/1947/e.2 REVC000116 2021-05-03 Revistas cusqueñas
No     Sala Hemeroteca Sala Hemeroteca Book Cart 2021-05-03 10.00 Rev.Univ/N°92/1947/e.3 REVC000117 2021-05-03 Revistas cusqueñas
No     Sala Hemeroteca Sala Hemeroteca Book Cart 2021-05-03 10.00 Rev.Univ/N°92/1947/e.4 REVC000118 2021-05-03 Revistas cusqueñas

Powered by Koha